Distributed Systems (Record no. 5572)

MARC details
000 -LEADER
fixed length control field 01042cam a2200277 a 4500
001 - CONTROL NUMBER
control field 2063250
003 - CONTROL NUMBER IDENTIFIER
control field OSt
005 - DATE AND TIME OF LATEST TRANSACTION
control field 20191205105121.0
008 - FIXED-LENGTH DATA ELEMENTS--GENERAL INFORMATION
fixed length control field 931122s1993 enka b 000 0 eng
010 ## - LIBRARY OF CONGRESS CONTROL NUMBER
LC control number 93234489
020 ## - INTERNATIONAL STANDARD BOOK NUMBER
International Standard Book Number 0201624273
040 ## - CATALOGING SOURCE
Original cataloging agency DLC
Transcribing agency DLC
Modifying agency DLC
082 ## - DEWEY DECIMAL CLASSIFICATION NUMBER
Classification number 005.476 MUL 1993
100 ## - MAIN ENTRY--PERSONAL NAME
Personal name Editor Mullender, Sape J.
9 (RLIN) 13115
245 00 - TITLE STATEMENT
Title Distributed Systems
250 ## - EDITION STATEMENT
Edition statement 2nd ed.
260 ## - PUBLICATION, DISTRIBUTION, ETC. (IMPRINT)
Place of publication, distribution, etc. New York :
Name of publisher, distributor, etc. ACM Press ;
Date of publication, distribution, etc. 1993.
300 ## - PHYSICAL DESCRIPTION
Extent xvi, 595 p. :
Other physical details ill. ;
Dimensions 25 cm.
440 #0 - SERIES STATEMENT/ADDED ENTRY--TITLE
Title ACM Press frontier series
9 (RLIN) 11639
500 ## - GENERAL NOTE
General note "Collects the lecture notes ... held five times: Arctic '88 in Troms�, Norway, Fingerlakes '89 in Ithaca, NY, Bologna '90 in Italy, Karuizawa '91 in Japan, and Lisboa '92 in Portugal"--Pref.
504 ## - BIBLIOGRAPHY, ETC. NOTE
Bibliography, etc Includes bibliographical references and index.
650 #0 - SUBJECT ADDED ENTRY--TOPICAL TERM
Topical term or geographic name as entry element Distributed processing
9 (RLIN) 6528
906 ## - LOCAL DATA ELEMENT F, LDF (RLIN)
a 7
b cbc
c orignew
d 2
e ncip
f 19
g y-gencatlg
942 ## - ADDED ENTRY ELEMENTS (KOHA)
Source of classification or shelving scheme Dewey Decimal Classification
Koha item type Open Shelf
Holdings
Withdrawn status Lost status Source of classification or shelving scheme Damaged status Not for loan Home library Current library Date acquired Inventory number Total Checkouts Full call number Barcode Date last seen Koha item type
    Dewey Decimal Classification     MUST Main Library MUST Main Library 22/02/2017 09/31486   005.4476 MUL 1993 2017-0237 22/02/2017 Open Shelf